Statistiques concernant Gares du Bas Rhin

Cliquez ici pour prendre le quiz!

Statistiques générales

  • Ce quiz a été pris 150 fois
    (76 depuis la dernière actualisation)
  • Le résultat moyen est 28 sur 93

Statistiques - réponses

Nombre de voyageursGares% Correct
20 170 472Strasbourg
94%
55 108Strasbourg Roethig
94%
2 257 513Sélestat
88%
1 646 301Haguenau
86%
1 203 924Saverne
82%
1 552 953Molsheim
78%
194 074Wissembourg
78%
109 019Vendenheim
76%
21 638Lauterbourg
72%
227 190Mommenheim
72%
563 815Brumath
62%
631 775Obernai
56%
293 816Schirmeck - La Broque
50%
46 267Bischheim
48%
597 882Bischwiller
46%
75 157Hoenheim Tram
46%
167 726Krimmeri - Meinau
44%
61 627Lingolsheim
44%
39 613La Wantzenau
42%
289 868Barr
40%
537 172Erstein
40%
33 627Saales
38%
60 392Geispolsheim
36%
65 929Mundolsheim
36%
244 130Mutzig
36%
494 393Benfeld
34%
343 863Entzheim - Aéroport
34%
129 055Niederbronn les Bains
34%
206 165Hochfelden
32%
198 952Hoerdt
32%
206 667Rosheim
32%
128 758Fegersheim - Lipsheim
30%
149 967Rothau
30%
95 551Kilstett
28%
43 068Seltz
28%
179 292Gambsheim
26%
223 733Ingwiller
26%
10 732Roppenheim
26%
110 311Dorlisheim
24%
113 943Drusenheim
24%
63 047Marienthal
24%
155 497Weyersheim
24%
122 565Bischoffsheim
22%
30 005Goxwiller
22%
24 598Kogenheim
22%
94 148Kurtzenhouse
22%
131 970Lutzelhouse
22%
195 390Obermodern
22%
183 462Soultz sous Forêts
22%
118 873Urmatt
22%
29 842Dambach la Ville
20%
104 237Diemeringen
20%
24 238Gertwiller
20%
27 446graffenstaden
20%
154 932Herrlisheim
20%
53 478Roeschwoog
20%
62 414Russ - Hersbach
20%
37 984Saint Blaise la Roche - Poutay
20%
87 444Sessenheim
20%
62 493Steinbourg
20%
37 952Stephansfeld
20%
22 409Epfig
18%
11 128Fouday
18%
151 955Gresswiller
18%
95 107Limersheim
18%
4 055Scherwiller
18%
21 221Schweighouse sur Moder
18%
128 401Wingen sur Moder
18%
91 478Wisches
18%
7 918Bourg Bruche
16%
136 948Dettwiller
16%
164 186Duttlenheim
16%
15 104Ebersheim
16%
24 619Heiligenberg - Mollkirch
16%
30 896Matzenheim
16%
80 721Schwindratzheim
16%
39 001Wilwisheim
16%
88 930Dachstein
14%
113 985Duppigheim
14%
88 847Mertzwiller
14%
3 323Mothern
14%
30 956Oermingen
14%
154 855Reichshoffen
14%
65 095Tieffenbach - Struth
14%
41 875Walbourg
14%
2 943Munchhausen
12%
64 665Gundershoffen
10%
7 030Hoffen
10%
6 052Mullerhof
10%
11 988Riedseltz
10%
27 752Rountzenheim
10%
10 526Eichhoffen
8%
18 341Hoelschloch
8%

Distribution des résultats

Percentile par nombre de réponses

% des personnes avec chaque résultat

Votre développement - résultats

Vous n’avez pas pris ce quiz depuis la dernière actualisation